000
00298nam a2200121Ia 4500
008
191201s2008 xx 000 0 und d
100
_a
RAO,V.S.P.
245
0
_a
Human Resource Management text and cases
260
_a
N. Delhi
_b
Excel Books
_c
2008
300
_a
709
650
_a
BBA
942
_2
ddc
_c
BK
999
_c
6566
_d
6566